| 000 | 00819nam a2200217 a 4500 | ||
|---|---|---|---|
| 001 | 000016990 | ||
| 005 | 20200929165011.0 | ||
| 008 | 100312s1963 mx 000 0 spa d | ||
| 040 |
_aDO-SdBNP _bspa _cBNPHU |
||
| 082 |
_axxx _bM256h |
||
| 245 | 0 | 3 |
_aLa malnutrición y los hábitos alimentarios : _binforme de una conferencia internacional e interprofesional / _ceditores Anne Burgess, R. F. A. Dean; prólogo Abraham Horwitz. |
| 260 |
_aMéxico D.F. : _bOrganización Panamericana de la Salud, _c1963. |
||
| 300 |
_a204 p. ; _c23 cm. |
||
| 490 | 1 |
_aPublicaciones científicas _v91 |
|
| 500 | _aIncluye notas al pie de páginas | ||
| 700 | 1 |
_aBurgess, Anne _937534 |
|
| 700 | 1 |
_aDean, R. F. A _937535 |
|
| 700 | 1 |
_aHorwitz, Abraham _epról. _937536 |
|
| 830 | 0 |
_aPublicaciones científicas _n91 _937537 |
|
| 049 | _aBNPD | ||
| 999 |
_c16518 _d16518 |
||